000 00521nam a2200217Ia 4500
003 OSt
005 20230331112428.0
008 210423s2017 xx 000 0 und d
020 _a978-1-907904-28-8
040 _cAL
041 _aeng
082 _a574.192
_223
_bBROB
100 _aBROWN (T A)
_980739
245 _aBiochemistry
260 _aUK
_bScion Publishing Ltd
_c2017
300 _axxii,522
_bPB
365 _b2932.81
_cGBP
650 _aBiochemistry
_980740
906 _aBiochemistry
942 _2ddc
_cBK
999 _c168878
_d168878